000 03537nab a2200361 i 4500
003 BR-BrBNA
005 20240814113841.0
008 240814b2018 bl.|r|pooa||| 00| 0 eng |
040 _aBR-BrBNA
_beng
072 _aL70
_b5120
072 _aL74
100 _aPaiva Neto, A.O.
100 _aLeite, C.T.
100 _aDuarte, C.A.
100 _aDias, D.P.M.
100 _aDöwich, G.
100 _aQueiroz Neto, A.
100 _aLacerda Neto, J.C.
245 _aBiomechanical analysis of the masticatory movement before and after adjusting dental occlusion in equine
500 _a Publicação online; 23 ref.; 2 tables; 2 illus.; Summaries (En, Pt)
520 _a ABSTRACT - The aim of this study was to evaluate through three-dimensional kinematic analysis the influence of occlusal adjustment by tooth wear in masticatory biomechanics of horses. Seven clinically healthy thoroughbred Arabian horses with strong occlusal irregularities were used, of which seven castrated males and one female of between seven and nineteen years of age. Three digital video cameras and seven spherical reflective markers placed on the horses’ face were employed. The animals were filmed twice in succession: while chewing hay before and after the occlusal adjustment by tooth wear. Following that, kinematic analysis was made of the movements obtained by means of the images which were synchronized, segmented and reconstructed three-dimensionally with the help of Dvideow program. Mathematical functions were applied in Matlab environment for obtaining the values of the amplitudes of movements. The results of the biomechanical analysis showed that the occlusal adjustment increases the range of mandibular movements in horses. Keywords: kinematics, teeth, chewing, occlusion, dentistry
520 _a RESUMO - O objetivo deste estudo foi avaliar, através de análise cinemática tridimensional, a influência do ajuste oclusal por desgaste dentário na biomecânica da mastigação de equinos. Foram utilizados sete cavalos puro sangue árabe, clinicamente saudáveis, com irregularidades oclusais relevantes, sendo seis machos castrados e uma fêmea, de sete a dezenove anos de idade. Três câmeras de vídeo digitais e sete marcadores reflexivos esféricos foram colocados na face dos equinos. Os animais foram filmados duas vezes seguidas: durante a mastigação do feno antes e após o ajuste oclusal por desgaste dental. Na sequência, procedeu-se a cinemática dos movimentos obtidos por meio das imagens sincronizadas, segmentadas e reconstruídas em três dimensões, com a ajuda do programa Dvideow. Funções matemáticas foram aplicadas no ambiente Matlab para a obtenção dos valores de amplitudes dos movimentos. Os resultados da análise biomecânica mostraram que o ajuste oclusal aumenta a gama de movimentos mandibulares em equinos. Palavras-chave: cinemática, dentes, mastigação, oclusão, odontologia
650 _aCAVALO
650 _aMASTIGAÇÃO
650 _aANATOMIA ANIMAL
650 _aOCLUSÃO
650 _aDISTÚRBIO FISIOLÓGICO
650 _aVETERINÁRIA
773 0 _01643
_9317174
_dBelo Horizonte-MG Universidade Federal de Minas Gerais - Escola de Veterinaria 1983
_o2024-3790
_tArquivo Brasileiro de Medicina Veterinária e Zootecnia (Brazil)
_x0102-0935
_gv. 70(1) p. 6-12; (2018)
_wBR2024002266
856 _uhttps://www.scielo.br/j/abmvz/a/nYtV5wqjnvybyXRpjDdLKJr/?format=pdf&lang=en
942 _cAnalítica
999 _c300889
_d300889